|
|
|
|
| LEADER |
01170naa a2200241 i 4500 |
| 001 |
acta83810 |
| 005 |
20240220121200.0 |
| 008 |
240220s2023 hu o 100 hun d |
| 020 |
|
|
|a 978-963-306-928-8
|
| 040 |
|
|
|a SZTE Egyetemi Kiadványok Repozitórium
|b hun
|
| 041 |
|
|
|a hun
|
| 100 |
2 |
|
|a Benkő-Kiss Árpád
|
| 245 |
1 |
0 |
|a Neurális hálózat finomhangolása egy adott adatbázison
|h [elektronikus dokumentum] :
|b [absztrakt] /
|c Benkő-Kiss Árpád
|
| 260 |
|
|
|a SZTE Mérnöki Kar
|b Szeged
|c 2023
|
| 300 |
|
|
|a 10
|
| 490 |
0 |
|
|a Műszaki, technológiai és gazdasági kihívások a 21. században : nemzetközi magyar nyelvű tudományos konferencia
|
| 650 |
|
4 |
|a Természettudományok
|
| 650 |
|
4 |
|a Számítás- és információtudomány
|
| 695 |
|
|
|a Neurális hálózat - számítástechnika - előadáskivonat, Adatelemzés - előadáskivonat, Mesterséges intelligencia - előadáskivonat
|
| 700 |
0 |
1 |
|a Fabulya Zoltán
|e aut
|
| 700 |
0 |
1 |
|a Hampel György
|e aut
|
| 711 |
|
|
|a Műszaki, technológiai és gazdasági kihívások a 21. században
|c Szeged
|d 2023. március 31.
|
| 856 |
4 |
0 |
|u http://acta.bibl.u-szeged.hu/83810/1/mtg_kihivasok_konf_2023_010.pdf
|z Dokumentum-elérés
|